000 00378nam a2200169Ia 4500
003 0STCL
008 150530s9999 xx 000 0 und d
040 _aSTCL
_cSTCL
100 _aDuffy, N.F.K.
245 _aIndustrial relations in India
250 _aFirst
260 _bAllied
_c1964
546 _aEnglish
942 _2ddc
_cBK
999 _c13030
_d13030
005 20220125165635.0